000 00313nam a2200121Ia 4500
005 20251222153604.0
008 251222s9999||||xx |||||||||||||| ||spa||
082 _a005.74/M61
245 0 _aGuía Inscripción de Bancos de Datos Personales
250 _a1ra. ed.
264 _bMinisterio de Justicia
942 _cLIB
999 _c31336
_d31336